| 000 | 01163cad a22002055a 4500 | ||
|---|---|---|---|
| 001 | E154530 | ||
| 008 | 111219e20111217xxk 000 0 eng u | ||
| 035 | _a(Sirsi) u154530 | ||
| 041 | 0 | _aeng | |
| 110 | 2 |
_aBank of Scotland _95792 |
|
| 245 | 0 | 0 |
_aNow harder to move up the housing ladder than to get on it _h[electronic resource] |
| 260 | _c2011 | ||
| 490 |
_aBank of Scotland Press Release _v17 December 2011 |
||
| 520 | _aThe Bank of Scotland second stepper housing affordability measure for Scotland (the average price of a typical second stepper home less their current equity position as a ratio of average earnings) was 4.3 times gross annual average earnings in October 2011. This is the highest ratio since records began in 1987, however Scotland is still the third most affordable region of the UK for people moving on to their second home. | ||
| 590 | _aKA | ||
| 651 | 4 |
_aScotland _y1999- |
|
| 690 | _aPROPERTY-RESIDENTIAL PROPERTY-RESIDENTIAL PROPERTY MARKET | ||
| 856 | 4 | 0 |
_uhttps://www.lloydsbankinggroup.com/media/pdfs/bos/2011/171211bos_harder_housing_ladder.pdf _zView the news release free of charge at www.lloydsbankinggroup.com |
| 942 | _n0 | ||
| 999 |
_c83650 _d83650 |
||